Cyrano de Bergerac
Guardat en:
| Autor principal: | |
|---|---|
| Format: | Llibre |
| Idioma: | espanyol |
| Publicat: |
Barcelona
Ramón Sopena S.A
1975
|
| Col·lecció: | Biblioteca Clásica Sopena, 41
|
| Matèries: | |
| Etiquetes: |
Afegir etiqueta
Sense etiquetes, Sigues el primer a etiquetar aquest registre!
|
MARC
| LEADER | 00000cam a2200000 a 4500 | ||
|---|---|---|---|
| 001 | UCF6201 | ||
| 003 | CL-VaPUC | ||
| 008 | 130418e19750000SP |||||||||||||||||spa|d | ||
| 020 | |a 8430305823 | ||
| 082 | 0 | 4 | |a 842 |b ROS |2 21 |
| 100 | 0 | |a Rostand, Edmond |e author |9 568240 | |
| 245 | 1 | 0 | |a Cyrano de Bergerac |
| 300 | |a 206 p | ||
| 942 | |c BK | ||
| 945 | |d 20130418 00:00:00 |a cmena | ||
| 260 | |a Barcelona |b Ramón Sopena S.A |c 1975 | ||
| 650 | 7 | |a DRAMAS FRANCESES |2 CL-VaPUC |9 267189 | |
| 650 | 0 | |a Literatura francesa |9 266330 | |
| 583 | |a last modification |c 20130418 10:21:00 |k Rodrigo Vera | ||
| 490 | 0 | |a Biblioteca Clásica Sopena, 41 | |
| 999 | |c 351514 |d 351512 | ||
| 952 | |0 0 |1 0 |4 0 |6 842_000000000000000_ROS_1975 |7 0 |8 A |9 455651 |a BIBEDU |b BIBEDU |d 2019-11-22 |i 4956567 |l 1 |o 842 ROS 1975 |p 4956567 |r 2025-05-09 |s 2025-04-23 |w 2019-11-22 |y BK |k LIT | ||